[Event "Titled Tuesday 12th Jan"]
[Site "chess.com INT"]
[Date "2021.01.12"]
[Round "4"]
[White "Samadov,Read"]
[Black "Nakamura,Hi"]
[Result "0-1"]
[WhiteElo "2332"]
[BlackElo "2736"]

1.d4 g6 2.c4 Bg7 3.Nc3 c5 4.d5 Bxc3+ 5.bxc3 f5 6.h4 Qa5 7.h5 Qxc3+ 8.Bd2 Qg7
9.Rc1 g5 10.h6 Qg6 11.Nh3 g4 12.Nf4 Qf7 13.Bc3 Nf6 14.d6 e6 15.e4 O-O 16.e5 Ne4
17.Bb2 Kh8 18.Bd3 Ng5 19.Rh5 Rg8 20.Qd2 Nc6 21.Ke2 b6 22.Rch1 Ne4 23.Qe3 Ba6
24.Bxe4 fxe4 25.Qxe4 Raf8 26.g3 Na5 27.Bc3 Bb7 28.Qd3 Bxh1 29.Rxh1 Rg5 30.Qe4 Nc6
31.Kd2 Qf5 32.Qe3 Kg8 33.Re1 Kf7 34.Kc1 Ke8 35.Re2 Rfg8 36.a4 Kf7 37.Kb2 Rb8
38.Ng2 Rh5 39.Nh4 Qg5 40.Qe4 Qxh6 41.Qxg4 Rg8 42.Qe4 Qg7 43.Re3 Ke8 44.Nf3 Qg4
45.Qd3 Rh1 46.Ka2 Qg6 47.Qd2 Qb1+ 48.Ka3 Nb4 49.Bxb4 cxb4+ 50.Qxb4 Qa1+ 51.Kb3 Rb1+  0-1

[Event "Titled Tuesday 12th Jan"]
[Site "chess.com INT"]
[Date "2021.01.12"]
[Round "5"]
[White "Nakamura,Hi"]
[Black "Vasquez Schroeder,R"]
[Result "1/2-1/2"]
[WhiteElo "2736"]
[BlackElo "2443"]

1.Nf3 c5 2.e3 Nf6 3.b3 b6 4.Bb2 Bb7 5.d4 e6 6.Bd3 Be7 7.O-O O-O 8.Nbd2 d6
9.dxc5 bxc5 10.e4 d5 11.exd5 exd5 12.Re1 Nc6 13.Nf1 Nb4 14.Bf5 d4 15.Ne5 Bd6
16.c3 dxc3 17.Bxc3 Nbd5 18.Bb2 Qc7 19.Nc4 Be7 20.Be5 Qd8 21.Qf3 g6 22.Bh3 a5
23.Rad1 Ra7 24.Nfe3 Nxe3 25.Qxe3 Nd5 26.Qh6 Bf6 27.Bd6 Re8 28.Rxe8+ Qxe8
29.Bxc5 Qe2 30.Qd2 Qxd2 31.Rxd2 Ra8 32.g3 Nc3 33.Nd6 Bc6 34.Bg2 Bxg2 35.Kxg2 a4
36.Rc2 axb3 37.axb3 Rb8 38.b4 Nd5 39.b5 Be7 40.Rb2 Nc3 41.Ba7 Ra8 42.Bc5 Rb8
43.Rc2 Nxb5 44.Nxb5 Rc8 45.Bxe7 Rxc2 46.Bg5 f5 47.Nd4 Ra2 48.Be3 Kf7 49.Nf3 h5
50.h4 Kf6 51.Ng5 Ke7 52.Nh3 Kf7 53.Nf4 Ra4 54.Kf3 Rb4 55.Nd3 Ra4 56.Kg2 Ra5
57.Bg5 Ke6 58.Nf4+ Kf7 59.Ne2 Ra2 60.Nd4 Ra5 61.Bd2 Rd5 62.Bc3 Rc5 63.Ne2 Rc4
64.Kf3 Ke6 65.Ke3 Re4+ 66.Kd3 Ra4 67.Nf4+ Kf7 68.Bd4 Ra3+ 69.Kc4 Ra4+ 70.Kd5 Ra5+
71.Bc5 Ra2 72.Nd3 Rd2 73.Kc4 Rc2+ 74.Kb3 Rd2 75.Kc3 Rd1 76.Bd4 Kg8 77.Be3 Kf7
78.Bg5 Ke6 79.Kc2 Ra1 80.Bc1 Ra5 81.Kd2 Ra2+ 82.Ke3 Rc2 83.Bd2 Kf7 84.Bb4 Ra2
85.Kf4 Ra4 86.Kg5 Kg7 87.Bc3+ Kh7 88.Nf4 Ra6 89.Bd4 Rd6 90.Bc5 Rc6 91.Be3 Ra6
92.Nd5 Kg7 93.Bd4+ Kf7 94.Nf4 Rc6 95.Bh8 Rb6 96.Bc3 Ra6 97.Bd2 Rd6 98.Be3 Rc6
99.Nd3 Re6 100.Bd4  1/2-1/2

[Event "Titled Tuesday 12th Jan"]
[Site "chess.com INT"]
[Date "2021.01.12"]
[Round "6"]
[White "Kuzubov,Y"]
[Black "Nakamura,Hi"]
[Result "1/2-1/2"]
[WhiteElo "2642"]
[BlackElo "2736"]

1.d4 g6 2.e4 Bg7 3.Nf3 d6 4.Bc4 a6 5.a4 b6 6.O-O e6 7.Re1 Bb7 8.d5 e5 9.a5 b5
10.Bf1 Ne7 11.c4 bxc4 12.Bxc4 Nd7 13.Nc3 O-O 14.b4 h6 15.b5 f5 16.bxa6 Bxa6
17.Bxa6 Rxa6 18.Nd2 Nf6 19.f3 g5 20.Nc4 g4 21.exf5 gxf3 22.Qxf3 c6 23.dxc6 Rxc6
24.Nb6 e4 25.Qh3 Nxf5 26.Qxf5 Rxc3 27.Bb2 Rc2 28.Bd4 Rf7 29.Rec1 Nd7 30.Qxe4 Re2
31.Qg4 Qg5 32.Qxe2 Bxd4+ 33.Kh1 Bxa1 34.Rxa1 Nc5 35.a6 Qf6 36.Re1 d5 37.a7 Rxa7
38.Nxd5 Qd4 39.Ne7+ Kh8 40.Nf5 Qf6 41.Qh5 Ra1 42.Rg1 Kh7 43.h3 Ne4 44.Rxa1 Qxa1+
45.Kh2 Qe5+ 46.Kg1 Qa1+ 47.Kh2 Qe5+ 48.Kg1 Qc5+ 49.Kh2 Qc7+ 50.Kg1 Qc1+ 51.Kh2 Qf4+
52.Kg1 Qf2+ 53.Kh2 Qf4+ 54.Kg1 Qf2+ 55.Kh2 Qf4+  1/2-1/2

[Event "Titled Tuesday 12th Jan"]
[Site "chess.com INT"]
[Date "2021.01.12"]
[Round "7"]
[White "Nakamura,Hi"]
[Black "Lysyj,I"]
[Result "1-0"]
[WhiteElo "2736"]
[BlackElo "2605"]

1.Nf3 Nf6 2.b3 e6 3.Bb2 b6 4.e3 Bb7 5.d4 Be7 6.g3 O-O 7.Bg2 c5 8.dxc5 bxc5
9.O-O d6 10.c4 Nbd7 11.Qc2 a6 12.Nc3 Qc7 13.Rfd1 Rfd8 14.Rd2 Bc6 15.Ne1 Bxg2
16.Nxg2 Ne5 17.Ne1 Qc6 18.Rad1 Rd7 19.e4 Rad8 20.f4 Ng6 21.Ng2 h5 22.Ne3 h4
23.Qd3 Qb7 24.Re1 Qc6 25.Rdd1 Qb7 26.Qc2 Qc6 27.Qg2 Qa8 28.Qf3 Qc6 29.Kg2 a5
30.Kg1 Qb7 31.Ba1 Qa8 32.Re2 Bf8 33.Ng4 Nxg4 34.Qxg4 Qc6 35.gxh4 a4 36.h5 Ne7
37.Nxa4 d5 38.exd5 exd5 39.Rde1 dxc4 40.Rxe7 Rxe7 41.Rxe7 cxb3 42.axb3 c4
43.Re1 cxb3 44.f5 Rd2 45.f6 Bc5+ 46.Nxc5 Qxc5+ 47.Kh1 Qd5+ 48.Kg1 Qc5+ 49.Kf1 Qb5+
50.Re2 Rd1+ 51.Kg2 Qd5+ 52.Kh3 Rd3+ 53.Kh4 g6 54.hxg6 b2 55.Re8+  1-0

[Event "Titled Tuesday 12th Jan"]
[Site "chess.com INT"]
[Date "2021.01.12"]
[Round "8"]
[White "Nakamura,Hi"]
[Black "Pichot,A"]
[Result "1-0"]
[WhiteElo "2736"]
[BlackElo "2630"]

1.e4 c5 2.Nf3 e6 3.c3 Nf6 4.Bd3 Nc6 5.Bc2 d6 6.d4 Be7 7.O-O O-O 8.Nbd2 b6
9.Re1 Bb7 10.Nf1 cxd4 11.cxd4 Rc8 12.a3 Na5 13.Ng3 b5 14.Bd3 a6 15.h3 Nd7
16.Bf4 Nc4 17.Bc1 e5 18.b3 Ncb6 19.d5 Nc5 20.Nf5 g6 21.Nxe7+ Qxe7 22.Be3 Nbd7
23.Bc2 f5 24.Bh6 Rf7 25.Ng5 Rf6 26.b4 Nxe4 27.Nxe4 fxe4 28.Bg5 Rxf2 29.Bxe7 Rcxc2
30.Qg4 Bxd5 31.Rad1 Nb6 32.Rc1 Ra2 33.Rf1 e3 34.Rxf2 exf2+ 35.Kh2  1-0

[Event "Titled Tuesday 12th Jan"]
[Site "chess.com INT"]
[Date "2021.01.12"]
[Round "9"]
[White "Gavrilescu,David"]
[Black "Nakamura,Hi"]
[Result "0-1"]
[WhiteElo "2476"]
[BlackElo "2736"]

1.e4 e5 2.Nf3 Nc6 3.Bc4 Bc5 4.c3 Nf6 5.d4 exd4 6.e5 d5 7.Bb5 Ne4 8.cxd4 Bb6
9.Nc3 Bg4 10.Be3 O-O 11.h3 Bh5 12.Qa4 Ne7 13.Bd3 f5 14.exf6 Nxf6 15.Ne5 c6
16.O-O Nd7 17.f4 Nxe5 18.fxe5 Qd7 19.Qc2 Bg6 20.Bxg6 Nxg6 21.Qd3 Rxf1+ 22.Rxf1 Re8
23.Kh1 Bc7 24.b4 Nf8 25.Ne2 Ne6 26.Ng3 a5 27.a3 axb4 28.axb4 Bd8 29.Nh5 Be7
30.Bd2 Rf8 31.Rxf8+ Bxf8 32.Qg3 Qf7 33.Qg4 Kh8 34.Ng3 g6 35.Kh2 h5 36.Qd1 Nxd4
37.Bc3 Ne6 38.Ne2 Bg7 39.Qd2 Qf5 40.Qe3 d4 41.Nxd4 Qxe5+  0-1

[Event "Titled Tuesday 12th Jan"]
[Site "chess.com INT"]
[Date "2021.01.12"]
[Round "10"]
[White "Nakamura,Hi"]
[Black "Sarana,A"]
[Result "0-1"]
[WhiteElo "2736"]
[BlackElo "2649"]

1.e4 c5 2.Nf3 d6 3.Bb5+ Nd7 4.c4 Nf6 5.Nc3 a6 6.Ba4 e5 7.Rb1 Be7 8.a3 O-O
9.b4 Qc7 10.Bb3 cxb4 11.axb4 b5 12.cxb5 axb5 13.O-O Bb7 14.Re1 Qc6 15.Bb2 Nb6
16.d4 Na4 17.Nd5 Nxd5 18.Bxd5 Qc7 19.Bxb7 Nxb2 20.Rxb2 Qxb7 21.Rd2 Rfe8 22.Qb3 exd4
23.Rxd4 Bf6 24.Rd5 Qc6 25.g4 h6 26.Kg2 Ra4 27.h3 Qc3 28.Qd1 Rxb4 29.Rxd6 Rbxe4
30.Rxe4 Rxe4 31.Qd5 Qc4 32.Qa8+ Kh7 33.Rb6 Re2 34.Rb8 Qc5 35.Rh8+ Kg6 36.Kg3  0-1

[Event "Titled Tuesday 12th Jan"]
[Site "chess.com INT"]
[Date "2021.01.12"]
[Round "11"]
[White "Oparin,G"]
[Black "Nakamura,Hi"]
[Result "0-1"]
[WhiteElo "2652"]
[BlackElo "2736"]

1.d4 g6 2.Nf3 Bg7 3.e4 d6 4.Bd3 Nd7 5.O-O e5 6.c3 Ngf6 7.Re1 O-O 8.h3 Re8
9.Na3 a6 10.Bg5 h6 11.Bd2 b5 12.Rc1 c5 13.d5 c4 14.Bb1 Nc5 15.b3 Qa5 16.Nc2 Ncxe4
17.Nb4 Nxd2 18.Qxd2 Bb7 19.Qe2 Rac8 20.Red1 Qb6 21.bxc4 Rxc4 22.Nd2 Rc7 23.Ne4 a5
24.Nxf6+ Bxf6 25.Nc6 Bxc6 26.dxc6 Rxc6 27.Be4 Rc5 28.Rd3 Kg7 29.Rcd1 Be7
30.g4 Rec8 31.Bd5 Bg5 32.Rf3 Bf4 33.Rdd3 Qd8 34.a3 Qg5 35.Kf1 h5 36.gxh5 Qxh5
37.Qb2  0-1

[Event "Titled Tuesday 19th Jan"]
[Site "chess.com INT"]
[Date "2021.01.19"]
[Round "1"]
[White "Nakamura,Hi"]
[Black "Baradaran,Arman"]
[Result "1-0"]
[WhiteElo "2736"]
[BlackElo "1980"]

1.Nf3 d5 2.e3 Nf6 3.c4 c6 4.d4 e6 5.Nbd2 Nbd7 6.Bd3 dxc4 7.Nxc4 b5 8.Nce5 Bb7
9.O-O Bd6 10.Bd2 O-O 11.b4 Nd5 12.Nxd7 Qxd7 13.a3 Nb6 14.Ng5 h6 15.Ne4 Be7
16.Qc2 Na4 17.Rfd1 Qd5 18.f3 f5 19.Nf2 Rad8 20.Be1 f4 21.exf4 Rxf4 22.Bh7+ Kh8
23.Be4 Qd7 24.Nd3 Qxd4+ 25.Bf2 Qc3 26.Nxf4 Rxd1+ 27.Rxd1 Qxc2 28.Bxc2  1-0

[Event "Titled Tuesday 19th Jan"]
[Site "chess.com INT"]
[Date "2021.01.19"]
[Round "2"]
[White "David,Alexandru"]
[Black "Nakamura,Hi"]
[Result "0-1"]
[WhiteElo "2428"]
[BlackElo "2736"]

1.d4 g6 2.c4 Bg7 3.e4 Nc6 4.Nf3 d6 5.Be2 e5 6.Bg5 f6 7.Be3 Nh6 8.dxe5 dxe5
9.Qxd8+ Nxd8 10.h3 c6 11.Nc3 Nhf7 12.g4 Ne6 13.O-O-O Bh6 14.h4 Bf4 15.Kc2 Ke7
16.b4 a5 17.a3 axb4 18.axb4 Bd7 19.c5 Nc7 20.Nd2 Be6 21.Rhg1 Rhd8 22.Ra1 Nh6
23.Rxa8 Rxa8 24.Kb2 Nf7 25.Rd1 Rd8 26.Kc2 Nh6 27.Rg1 Nf7 28.Rd1 Na6 29.Bxa6 bxa6
30.Bxf4 exf4 31.f3 Ne5 32.Ra1 Nd3 33.Ra4 Ne1+ 34.Kc1 Nd3+ 35.Kc2 Rd4 36.Ne2 Nxb4+
37.Kc3 Rd3+ 38.Kxb4 Rxd2 39.Nxf4 Bc8 40.Ka5 Rf2 41.Ra3 Bxg4 42.fxg4 Rxf4
43.Kxa6 Rxg4 44.Kb6 Rxh4 45.Kxc6 Rxe4 46.Ra7+ Ke6 47.Rxh7 g5 48.Rh8 Kf7 49.Kd7 Rd4+
50.Kc7 g4 51.c6 f5 52.Rh7+ Kg6 53.Rh8 f4 54.Rg8+ Kh5 55.Kb6 Rc4 56.c7 g3
57.c8=Q Rxc8 58.Rxc8 f3  0-1

[Event "Titled Tuesday 19th Jan"]
[Site "chess.com INT"]
[Date "2021.01.19"]
[Round "3"]
[White "Nakamura,Hi"]
[Black "Shuvalova,Polina"]
[Result "1-0"]
[WhiteElo "2736"]
[BlackElo "2476"]

1.Nf3 Nf6 2.b3 e6 3.Bb2 Be7 4.g4 O-O 5.g5 Ne8 6.Rg1 c5 7.h4 Nc6 8.c4 d5 9.cxd5 exd5
10.d4 Bf5 11.a3 Rc8 12.e3 Nd6 13.dxc5 Ne4 14.b4 a5 15.Nd4 Qd7 16.f3 Nxc5
17.bxc5 Bxc5 18.Kf2 Rfe8 19.Bb5 Bxb1 20.Rxb1 Qh3 21.Rh1 Qd7 22.Qd3 Qe7 23.Bxc6 bxc6
24.Nf5 Qd7 25.Bxg7 Bxe3+ 26.Nxe3 Kxg7 27.Qd4+ Kg8 28.Ng4 Qf5 29.Nh6+  1-0

[Event "Titled Tuesday 19th Jan"]
[Site "chess.com INT"]
[Date "2021.01.19"]
[Round "4"]
[White "Bologan,V"]
[Black "Nakamura,Hi"]
[Result "1-0"]
[WhiteElo "2574"]
[BlackElo "2736"]

1.e4 g6 2.d4 Bg7 3.Nc3 c6 4.f4 d5 5.e5 h5 6.Nf3 Bg4 7.Be2 Nh6 8.Be3 Nf5 9.Bf2 e6
10.g3 Nd7 11.h3 Bxf3 12.Bxf3 Qa5 13.Qd2 Bf8 14.Ne2 Bb4 15.c3 Be7 16.g4 Ng7
17.Kf1 O-O-O 18.a4 Rdg8 19.g5 Nf5 20.b4 Qc7 21.a5 Kd8 22.Kg2 Ke8 23.Rhc1 Kf8
24.c4 dxc4 25.Rxc4 a6 26.d5 exd5 27.Bxd5 Qd8 28.Be4 Kg7 29.Bxf5 gxf5 30.Nd4 Kf8
31.Nxf5 Bxg5 32.Kh1 Be7 33.Rd1 Ke8 34.Rd4  1-0

[Event "Titled Tuesday 19th Jan"]
[Site "chess.com INT"]
[Date "2021.01.19"]
[Round "5"]
[White "Nakamura,Hi"]
[Black "Hevia,A"]
[Result "1-0"]
[WhiteElo "2736"]
[BlackElo "2467"]

1.e4 e6 2.f4 d5 3.e5 c5 4.Nf3 Nh6 5.d4 Nf5 6.dxc5 Bxc5 7.Bd3 Nc6 8.c3 h5
9.Nbd2 Nce7 10.Nf1 Bd7 11.Ng3 h4 12.Nxf5 Nxf5 13.Qe2 Qb6 14.Bxf5 exf5 15.b4 Be7
16.Be3 Qc7 17.Bd4 Be6 18.h3 a6 19.O-O Rc8 20.a4 Qc4 21.Qf2 Rh6 22.Kh2 Kf8
23.Rfc1 Kg8 24.Qd2 Rg6 25.Bf2 Rh6 26.Nd4 Qc7 27.Rab1 Qd8 28.Qd3 Rc4 29.Nxf5 Bxf5
30.Qxf5 Re4 31.Bd4 g6 32.Qg4 g5 33.Rf1 Rg6 34.Qf5 Qe8 35.Rbe1 Rxe1 36.Rxe1 gxf4
37.e6 fxe6 38.Rxe6 Rxe6 39.Qxe6+ Qf7 40.Qc8+ Kh7 41.Qg4 Bd6 42.Qxh4+ Kg6
43.Qg4+ Kh7 44.Kg1 Qe7 45.Qh5+ Kg8 46.Qxd5+ Kf8 47.Kf1 Ke8 48.Qg8+ Kd7 49.Qg7 Qxg7
50.Bxg7  1-0

[Event "Titled Tuesday 19th Jan"]
[Site "chess.com INT"]
[Date "2021.01.19"]
[Round "6"]
[White "Durarbayli,V"]
[Black "Nakamura,Hi"]
[Result "0-1"]
[WhiteElo "2606"]
[BlackElo "2736"]

1.e4 e5 2.Nf3 Nc6 3.Bc4 Nf6 4.Ng5 d5 5.exd5 Na5 6.Bb5+ c6 7.dxc6 bxc6 8.Qf3 h6
9.Ne4 Nd5 10.Ba4 Nb6 11.Bb3 Nxb3 12.axb3 Be7 13.d3 O-O 14.O-O f5 15.Ng3 Nd5
16.Re1 Bd6 17.Nc3 Nb4 18.Qd1 Bb7 19.Nf1 c5 20.Nd2 Rf6 21.Nc4 Rg6 22.f3 Bc7
23.Be3 e4 24.dxe4 fxe4 25.f4 Qxd1 26.Raxd1 Nxc2 27.Rf1 Ba6 28.Bxc5 Rc6 29.Na4 e3
30.Nxe3 Nxe3 31.Bxe3 Bxf1 32.Kxf1 Rb8 33.Nc5 Bb6 34.b4 Bxc5 35.Bxc5 a5 36.Rd7 axb4
37.Bd4 g6 38.Rg7+ Kf8 39.Rh7 Rd8 40.Be5 Rd2 41.Ke1 Rxg2 42.Rh8+ Ke7 43.Rh7+ Ke6
44.Kf1 Rxh2  0-1

[Event "Titled Tuesday 19th Jan"]
[Site "chess.com INT"]
[Date "2021.01.19"]
[Round "7"]
[White "Nakamura,Hi"]
[Black "Khusnutdinov,R"]
[Result "1-0"]
[WhiteElo "2736"]
[BlackElo "2484"]

1.e4 e6 2.f4 d5 3.e5 c5 4.Nf3 Nc6 5.c3 Nh6 6.Na3 f6 7.Bb5 Bd7 8.O-O Qb6 9.Bxc6 Bxc6
10.d4 O-O-O 11.Nc2 Nf5 12.Ne3 Nxe3 13.Bxe3 Qxb2 14.Qe1 c4 15.Rf2 Qa3 16.Bc1 Qe7
17.exf6 gxf6 18.Re2 Bd7 19.f5 Re8 20.fxe6 Bxe6 21.Bf4 Qd7 22.Qh4 Bg7 23.Bg3 b6
24.Qf4 Kb7 25.a4 Bg4 26.Rxe8 Rxe8 27.a5 Bxf3 28.Qxf3 f5 29.Qh5 Re4 30.Rf1 f4
31.Bxf4 Ka6 32.axb6 axb6 33.g3 Re6 34.Kg2 Kb7 35.Qxh7 Re2+ 36.Kf3 Re7 37.Qg6 Qh3
38.Rb1  1-0

[Event "Titled Tuesday 19th Jan"]
[Site "chess.com INT"]
[Date "2021.01.19"]
[Round "8"]
[White "Nakamura,Hi"]
[Black "Svane,R"]
[Result "0-1"]
[WhiteElo "2736"]
[BlackElo "2613"]

1.e4 c6 2.d3 d5 3.Nd2 e5 4.Ngf3 Bd6 5.g3 Nf6 6.Bg2 O-O 7.O-O Re8 8.Re1 Nbd7
9.b3 a5 10.a3 b6 11.Bb2 Bb7 12.Nh4 Bf8 13.Nf5 g6 14.Ne3 Rb8 15.a4 Bg7 16.Qe2 Qc7
17.h4 Rbd8 18.Rad1 Nc5 19.Kh2 Ne6 20.Qf1 Nd4 21.Rc1 h5 22.c3 Ne6 23.exd5 cxd5
24.c4 d4 25.Nd5 Nxd5 26.cxd5 Nc5 27.Ba3 Bh6 28.Ne4 Bxc1 29.Rxc1 Kg7 30.Nxc5 bxc5
31.Rxc5 Qb6 32.Rb5 Qa7 33.Qe1 Ba6 34.Rxa5 Qb7 35.Qd1 Qc8 36.Bh3 Qb7 37.b4 Qb6
38.Bg2 Bb7 39.Rb5 Qa6 40.a5 Qxb5 41.Bc1 Bxd5 42.Qd2 Bxg2 43.Qh6+ Kg8 44.Bg5 Rd6  0-1

[Event "Titled Tuesday 26th Jan"]
[Site "chess.com INT"]
[Date "2021.01.26"]
[Round "1"]
[White "Nakamura,Hi"]
[Black "Voit,Daria"]
[Result "1-0"]
[WhiteElo "2736"]
[BlackElo "2360"]

1.Nf3 Nf6 2.b3 g6 3.Bb2 Bg7 4.d4 O-O 5.e3 b6 6.Be2 Bb7 7.O-O c5 8.c4 Ne4
9.Qc2 cxd4 10.Nxd4 d5 11.Rd1 Nd7 12.cxd5 Bxd5 13.Nc6 Bxc6 14.Bxg7 Kxg7 15.Qxc6 Nef6
16.Na3 Rc8 17.Qa4 Qc7 18.Nb5 Qc2 19.Nd4 Qc7 20.Qa3 Nc5 21.Rac1 a5 22.Qb2 Rfd8
23.a3 Qe5 24.Qb1 Nce4 25.Qb2 Nc5 26.Bc4 Qg5 27.Nf3 Qh5 28.h3 Qf5 29.Nd4 Qe4
30.b4 axb4 31.axb4 Ncd7 32.Be2 Ne5 33.Qb3 Qd5 34.Qb2 h5 35.Rxc8 Rxc8 36.Nf5+ gxf5
37.Rxd5  1-0

[Event "Titled Tuesday 26th Jan"]
[Site "chess.com INT"]
[Date "2021.01.26"]
[Round "3"]
[White "Nakamura,Hi"]
[Black "Djordjevic,Vu"]
[Result "1-0"]
[WhiteElo "2736"]
[BlackElo "2350"]

1.e4 e6 2.d4 d5 3.Nd2 Be7 4.Ngf3 Nf6 5.e5 Nfd7 6.Bd3 c5 7.c3 b6 8.O-O Ba6
9.Bxa6 Nxa6 10.Re1 b5 11.Nf1 b4 12.Ng3 bxc3 13.bxc3 Qa5 14.Bd2 Qb5 15.h4 Nb6
16.Bg5 Bxg5 17.hxg5 h5 18.g6 fxg6 19.Ng5 Ke7 20.Qc2 Rh6 21.Ne2 Rf8 22.a4 Qc4
23.a5 Nd7 24.Qd2 cxd4 25.cxd4 Qb4 26.Qe3 Rb8 27.Nf4 Nf8 28.Rec1 Qb3 29.Rc6 Qb5
30.Rac1 Kd7 31.Rd6+ Ke7 32.Qf3 Qb2 33.Nxg6+  1-0

[Event "Titled Tuesday 26th Jan"]
[Site "chess.com INT"]
[Date "2021.01.26"]
[Round "4"]
[White "Chigaev,M"]
[Black "Nakamura,Hi"]
[Result "0-1"]
[WhiteElo "2631"]
[BlackElo "2736"]

1.e4 e5 2.Nf3 Nc6 3.Bc4 Bc5 4.d3 Nf6 5.Nbd2 d6 6.c3 a5 7.Nf1 Ne7 8.Ng3 Ng6
9.O-O O-O 10.a4 h6 11.h3 c6 12.Bb3 Be6 13.Bc2 Re8 14.Re1 d5 15.exd5 Bxd5
16.Be3 Bxe3 17.Rxe3 Qb6 18.Rb1 Ba2 19.Nf5 Bxb1 20.Qxb1 Rad8 21.Nd2 Ne7 22.Nc4 Qc7
23.Nh4 b5 24.Nd2 Nfd5 25.Rg3 Nf4 26.Qe1 Nfg6 27.Nhf3 bxa4 28.Bxa4 Rxd3 29.Bc2 Rdd8
30.h4 e4 31.Nd4 c5 32.Nb5 Qb8 33.c4 Qf4 34.Nxe4 Qxh4 35.Ned6 Rf8 36.b3 Rd7
37.Qxa5 Rfd8 38.Qb6 Qf6 39.Rf3 Qa1+ 40.Kh2 Qe5+ 41.g3 Rxd6 42.Nxd6 Qxd6 43.Qxd6 Rxd6
44.Kg2 Nc6 45.Be4 Nge7 46.Re3 Kf8 47.Re1 Nd4 48.Ra1 f5 49.Ra8+ Kf7 50.Bb7 Nxb3
51.Ra7 Kf6  0-1

[Event "Titled Tuesday 26th Jan"]
[Site "chess.com INT"]
[Date "2021.01.26"]
[Round "5"]
[White "Nakamura,Hi"]
[Black "Terry,R"]
[Result "1/2-1/2"]
[WhiteElo "2736"]
[BlackElo "2504"]

1.Nf3 Nf6 2.b3 b6 3.Bb2 Bb7 4.e3 e6 5.d4 g6 6.Nbd2 Bg7 7.Bd3 O-O 8.e4 d6
9.O-O Nh5 10.Re1 Nd7 11.Bf1 e5 12.dxe5 Nxe5 13.Nxe5 Bxe5 14.c3 Re8 15.g3 d5
16.Qc2 Qf6 17.Bg2 c6 18.f4 Bxf4 19.gxf4 Nxf4 20.Rf1 Qg5 21.Rxf4 Qxf4 22.Rf1 Qg5
23.c4 d4 24.Bxd4 Rad8 25.Qc3 c5 26.Bh8 Qh6 27.Rf2 Rd7 28.Bf6 Re6 29.h4 Rxd2
30.Rxd2 Rxf6 31.e5 Re6 32.Bxb7 Qxh4 33.Re2 Qg5+ 34.Kf1 Qf4+ 35.Ke1 h5 36.Bd5 Re7
37.e6 fxe6 38.Bxe6+ Kh7 39.Qd3 Qh4+ 40.Kd1 Qf6 41.Qd6 Qa1+ 42.Kd2 Qxa2+ 43.Ke1 Qa1+
44.Kf2 Qf6+ 45.Kg2 Qg5+ 46.Kh3 Qf6 47.Bg8+ Kxg8 48.Qxf6 Rxe2 49.Qxg6+ Kf8
50.Qh6+ Ke7 51.Qh7+ Kd6 52.Qxa7 Re3+ 53.Kh4 Rxb3 54.Kxh5 Rb4 55.Kg5 Ke5 56.Qf7 Kd4
57.Kf5 Kc3 58.Ke5 Rxc4 59.Kd5 Rb4 60.Qf3+ Kb2 61.Qe3 Ka2 62.Kc6 Kb2 63.Qd3 Ka2
64.Qc3 Kb1 65.Qd2 Ka1 66.Qc2 Rb2 67.Qa4+ Kb1 68.Kd5 Rb4 69.Qa3 Kc2 70.Qe3 Kd1
71.Qf2 Rd4+ 72.Kc6 Rb4 73.Qh2 Kc1 74.Qe2 Rb2 75.Qe3+ Kc2 76.Qe4+ Kc1 77.Qc4+ Kd2
78.Qf4+ Kc2 79.Qf2+ Kc1 80.Qe1+ Kc2 81.Kd5 Rb4 82.Qf2+ Kd3 83.Qa2 Kc3 84.Qa3+ Kc2
85.Kc6 Rb3 86.Qa4 Kc3 87.Qa1+ Kc2 88.Qh8 Rb4 89.Kd5 Kb3 90.Qg8 Kc2 91.Qg3 Kb2
92.Qe3 Kc2 93.Qa3 Rd4+ 94.Ke5 Rb4 95.Qa2+ Kc3 96.Qa1+ Kc2 97.Kd6 Kd3 98.Kd5 Rd4+
99.Kc6 Rb4 100.Qc1 Kd4 101.Qc2 Ke3 102.Kd5 Rd4+ 103.Ke5 Rb4 104.Qd1 Kf2 105.Qd3 Ke1
106.Qc2 Kf1 107.Qd2 Kg1 108.Qe2 Kh1  1/2-1/2

[Event "Titled Tuesday 26th Jan"]
[Site "chess.com INT"]
[Date "2021.01.26"]
[Round "6"]
[White "Mekhitarian,K"]
[Black "Nakamura,Hi"]
[Result "0-1"]
[WhiteElo "2554"]
[BlackElo "2736"]

1.Nf3 d5 2.c4 dxc4 3.e3 e6 4.Bxc4 Nf6 5.O-O a6 6.b3 b5 7.Be2 Bb7 8.a4 c6
9.d4 Nbd7 10.Bb2 Bd6 11.Nbd2 O-O 12.e4 Bb4 13.e5 Nd5 14.Ne4 Nf4 15.Ba3 Bxa3
16.Rxa3 c5 17.Nxc5 Nxc5 18.dxc5 Qc7 19.b4 Rad8 20.Qc2 a5 21.axb5 axb4 22.Rb3 Nxe2+
23.Qxe2 Qxc5 24.Rfb1 Bxf3 25.Qxf3 Rd4 26.Qc6 Qxe5 27.g3 Rfd8 28.b6 h5 29.b7 Kh7
30.Kg2 h4 31.Rxb4 Qf5 32.Qc1 h3+ 33.Kf1 Qd3+ 34.Kg1 Rxb4  0-1

[Event "Titled Tuesday 26th Jan"]
[Site "chess.com INT"]
[Date "2021.01.26"]
[Round "7"]
[White "Nakamura,Hi"]
[Black "Hansen,Eric"]
[Result "1-0"]
[WhiteElo "2736"]
[BlackElo "2606"]

1.e4 c5 2.Nf3 e6 3.d4 cxd4 4.Nxd4 a6 5.Bd3 Qb6 6.Nb3 Qc7 7.O-O d6 8.f4 Nd7
9.Be3 Ngf6 10.N1d2 b6 11.a4 Bb7 12.c4 Rb8 13.a5 bxa5 14.Nxa5 Ba8 15.Nab3 Bb7
16.Qe2 Be7 17.Rfb1 O-O 18.Na5 Ba8 19.b4 d5 20.e5 dxc4 21.Naxc4 Nd5 22.Rc1 Nxe3
23.Nxe3 Qd8 24.Be4 Rxb4 25.Bxa8 Qxa8 26.Rxa6 Qb7 27.Rac6 Bd8 28.R6c4 Rxc4
29.Ndxc4 Qe4 30.g3 Be7 31.Qg2 Qd4 32.Rd1 Qa7 33.Kh1 Rc8 34.Qd2 Nc5 35.Qe2 Qa8+
36.Qg2 Qa4 37.Qc2 Qa8+ 38.Qg2 Qa7 39.h4 h5 40.Qf3 g6 41.Kg2 Rb8 42.Rd2 Nb3
43.Rb2 Nd4 44.Rxb8+ Qxb8 45.Qe4 Bc5 46.Kh3 Qa7 47.Nd2 Qa1 48.Kg2 Qe1 49.Nef1 Qd1
50.Qe3 Qc2 51.Qe4 Qd1 52.Qe3 Kg7 53.Ne4 Qc2+ 54.Nfd2 Bb6 55.Qc3 Qd1 56.Nf2 Qe2
57.Qd3 Qe1 58.Nde4 Nf5 59.Qd2 Ne3+ 60.Kf3 Qf1 61.Qd6 Qh1+ 62.Ke2 Qf1+ 63.Kf3 Ba7
64.Qe7 Qg2+ 65.Ke2 Bd4 66.Qf6+ Kg8 67.Qd8+ Kg7 68.Qxd4 Nf5 69.Qd3 Kh7 70.Nf6+ Kg7
71.Ne4 Kh7 72.Kd2 Qg1 73.Kc2 Qa1 74.Ng5+ Kg7 75.Nfe4 Qa2+ 76.Kc1 Qa1+ 77.Kd2 Qb2+
78.Ke1 Qc1+ 79.Kf2 Qh1 80.Qf3 Qc1 81.Qe2  1-0

[Event "Titled Tuesday 26th Jan"]
[Site "chess.com INT"]
[Date "2021.01.26"]
[Round "8"]
[White "Tabatabaei,M"]
[Black "Nakamura,Hi"]
[Result "0-1"]
[WhiteElo "2629"]
[BlackElo "2736"]

1.d4 Nf6 2.Nf3 d5 3.Bf4 c5 4.e3 Nc6 5.Nbd2 Nh5 6.dxc5 Nxf4 7.exf4 Qa5 8.Bd3 Qxc5
9.O-O g6 10.Re1 Bg7 11.c3 Qd6 12.g3 O-O 13.Nb3 Bg4 14.Be2 Rad8 15.Qd2 Qc7
16.Nfd4 Bc8 17.Bf3 e6 18.a4 b6 19.h4 h5 20.Nxc6 Qxc6 21.Nd4 Qc7 22.Re3 a6
23.Qe2 Bf6 24.Bg2 Kg7 25.Nf3 Bb7 26.Ng5 d4 27.cxd4 Bxg2 28.Kxg2 Rxd4 29.Ne4 Qb7
30.Kg1 Rfd8 31.Rc1 Be7 32.b3 b5 33.axb5 axb5 34.Qc2 Qd5 35.Nc3 Qc6 36.Ne2 Rd1+
37.Qxd1 Rxd1+ 38.Rxd1 Qc2 39.Rd7 Bc5 40.Re5 Kf8 41.Kg2 Bb6 42.Kf1 Qxb3 43.Rd2 Qc4
44.Kg2 f6  0-1

[Event "Titled Tuesday 26th Jan"]
[Site "chess.com INT"]
[Date "2021.01.26"]
[Round "9"]
[White "Nakamura,Hi"]
[Black "Tomashevsky,E"]
[Result "1-0"]
[WhiteElo "2736"]
[BlackElo "2706"]

1.Nf3 d5 2.e3 Nf6 3.c4 c6 4.d4 Bg4 5.h3 Bxf3 6.Qxf3 e6 7.Bd3 Bb4+ 8.Nd2 Nbd7
9.O-O O-O 10.Rd1 Qe7 11.Qe2 Rad8 12.a3 Ba5 13.b4 Bc7 14.Bb2 e5 15.cxd5 Nxd5
16.Rac1 N7f6 17.Bc4 e4 18.b5 Qd6 19.Nf1 cxb5 20.Bxb5 a6 21.Bc4 b5 22.Bb3 Rfe8
23.a4 b4 24.Rc2 a5 25.Rdc1 Qe7 26.Rc5 h5 27.Qb5 Rb8 28.Qc4 Nb6 29.Rxc7 Nxc4
30.Rxe7 Nxb2 31.Rxf7 Kh8 32.Rcc7 Rec8 33.Rxg7 Rxc7 34.Rxc7 Nd3 35.Nd2 h4
36.Kf1 Rf8 37.f3 exf3 38.gxf3 Nh5 39.Ke2  1-0

[Event "Titled Tuesday 26th Jan"]
[Site "chess.com INT"]
[Date "2021.01.26"]
[Round "10"]
[White "Quparadze,G"]
[Black "Nakamura,Hi"]
[Result "1-0"]
[WhiteElo "2463"]
[BlackElo "2736"]

1.e4 e5 2.Nf3 Nc6 3.Bb5 a6 4.Ba4 g6 5.c3 b5 6.Bb3 Bg7 7.d4 exd4 8.cxd4 Nge7
9.O-O O-O 10.d5 Na5 11.Bd2 c5 12.Bc3 Nxb3 13.axb3 d6 14.b4 cxb4 15.Bxg7 Kxg7
16.Qd4+ f6 17.Qxb4 a5 18.Qd2 b4 19.Nd4 Bd7 20.Qf4 Qb6 21.Qe3 Rab8 22.Nd2 Rfc8
23.Rfc1 a4 24.Nc4 Qa6 25.b3 Rc5 26.e5 fxe5 27.Nxe5 Nxd5 28.Qg5 Qc8 29.Nxd7 Qxd7
30.Rxc5 dxc5 31.Qe5+ Kh6 32.Ne6 Qe7 33.Qxd5 Re8 34.Re1 a3 35.h4 Qxh4 36.Qd2+ g5
37.Qd6 Qh5 38.Nc7+  1-0

[Event "Titled Tuesday 26th Jan"]
[Site "chess.com INT"]
[Date "2021.01.26"]
[Round "11"]
[White "Nakamura,Hi"]
[Black "Ivic,Velimir"]
[Result "1-0"]
[WhiteElo "2736"]
[BlackElo "2581"]

1.e4 c5 2.Nf3 Nc6 3.c3 Nf6 4.e5 Nd5 5.Bc4 Nb6 6.Bb3 d5 7.exd6 Qxd6 8.d4 cxd4
9.Na3 dxc3 10.Qe2 cxb2 11.Bxb2 Qb4+ 12.Kf1 Bf5 13.Rc1 O-O-O 14.Ne5 e6 15.Nb5 Kb8
16.Rxc6 Rd2 17.Nd7+ Rxd7 18.Be5+ Ka8 19.Nc7+ Rxc7 20.Rxc7 Bc5 21.Qf3 Be4
22.Qc3 Qb5+ 23.Kg1 Rd8 24.Rxc5 Qe2 25.h4  1-0

[Event "Titled Tuesday 23rd Feb"]
[Site "chess.com INT"]
[Date "2021.02.23"]
[Round "1"]
[White "Urjubdshzirov,E"]
[Black "Nakamura,Hi"]
[Result "0-1"]
[WhiteElo "2295"]
[BlackElo "2736"]

1.d4 g6 2.c4 Bg7 3.Nc3 c5 4.e3 f5 5.Nf3 d6 6.dxc5 Bxc3+ 7.bxc3 dxc5 8.Qxd8+ Kxd8
9.e4 Nc6 10.Be3 b6 11.O-O-O+ Ke8 12.exf5 Bxf5 13.Bd3 Bxd3 14.Rxd3 Rd8 15.Rhd1 Rxd3
16.Rxd3 Nf6 17.h3 Ne4 18.Ng5 Nd6 19.Ne6 Kd7 20.Nf4 Ne5 21.Rd1 Nxc4 22.Nd3 Nxe3
23.fxe3 Rf8 24.Nf4 e5 25.Nd5 Rf2 26.Rd2 Rxd2 27.Kxd2 h5 28.g4 h4 29.Kd3 c4+
30.Ke2 Ne4 31.Kf3 Ng5+ 32.Kg2 Kd6 33.Nf6 Ke6 34.Ne8 Ne4 35.Nc7+ Kd6 36.Nb5+ Kc5
37.Nxa7 Nxc3 38.Kf3 g5 39.a3 e4+ 40.Kf2 b5 41.Ke1 Nd5 42.Kd2 Kb6 43.Nc8+ Kc5
44.Na7 Ne7 45.Kc3 Kb6 46.a4 bxa4  0-1